| 000 | 01525cam a22003734a 4500 | ||
|---|---|---|---|
| 999 |
_c173276 _d173276 |
||
| 001 | 13481210 | ||
| 003 | Nust | ||
| 005 | 20180117090021.0 | ||
| 008 | 040205s2004 enkb b 001 0 eng | ||
| 010 | _a 2004002643 | ||
| 020 | _a1873150814 (hbk : alk. paper) | ||
| 020 | _a1873150806 (pbk : alk. paper) | ||
| 020 | _a1873150822 (electronic) | ||
| 040 |
_aDLC _cDLC _dDLC |
||
| 042 | _apcc | ||
| 050 | 0 | 0 |
_aHD7289.2 _b.T68 2004 |
| 082 | 0 | 0 |
_a333.33/8 _222 |
| 245 | 0 | 0 |
_aTourism, mobility, and second homes : _bbetween elite landscape and common ground / _cedited by C. Michael Hall and Dieter K. Müller. |
| 260 |
_aClevedon, UK ; _aBuffalo : _bChannel View Publications, _cc2004. |
||
| 300 |
_ax, 304 p. : _bmaps ; _c24 cm. |
||
| 440 | 0 |
_aAspects of tourism ; _v15 |
|
| 504 | _aIncludes bibliographical references (p. 279-302) and index. | ||
| 650 | 0 | _aSecond homes. | |
| 650 | 0 | _aVacation homes. | |
| 650 | 0 | _aTourism. | |
| 650 | 0 | _aResidential mobility. | |
| 700 | 1 |
_aHall, Colin Michael, _d1961- |
|
| 700 | 1 | _aMüller, Dieter K. | |
| 856 | 4 | 1 |
_3Table of contents _uhttp://www.loc.gov/catdir/toc/ecip0414/2004002643.html |
| 906 |
_a7 _bcbc _corignew _d1 _eecip _f20 _gy-gencatlg |
||
| 942 |
_2ddc _cBK |
||